| 000 | 00730cam a22002534a 4500 | ||
|---|---|---|---|
| 999 |
_c3415 _d3415 |
||
| 001 | 20001 | ||
| 003 | BD-DhUAP | ||
| 005 | 20201229125640.0 | ||
| 008 | 200304s20152005ii a b 001 0 eng | ||
| 010 | _a 2003065174 | ||
| 020 | _a9780071070522 | ||
| 020 | _a0071070524 | ||
| 020 | _a0072465239 | ||
| 040 |
_aDLC _cDLC _dBD-DhUAP _bEng |
||
| 082 | 0 | 0 |
_a621.31042 CHA _223 |
| 100 | 1 | _aChapman, Stephen J. | |
| 245 | 1 | 0 |
_aElectric machinery fundamentals / _cStephen J. Chapman. |
| 250 | _a4th ed. | ||
| 260 |
_aNew Delhi : _bMcGraw-Hill Education Pvt. LIt., _cc2005 [Reprinted 2015]. |
||
| 300 |
_axxii, 746 pages : _billustrations ; _c24 cm. |
||
| 500 | _aIncludes index. | ||
| 650 | 0 | _aElectric machinery. | |
| 942 |
_2ddc _cBK |
||